| 000 | 00000nam##2200000za#4500 |
| 001 | 9.612553 |
| 003 | CaOODSP |
| 005 | 20200401044909 |
| 007 | ta |
| 008 | 150406|1995||||xxc||||| f|0| 0 eng|d |
| 020 | |a0-662-23783-8 |
| 040 | |aCaOODSP|beng |
| 043 | |an-cn--- |
| 086 | 1 |aC2-280/2-1995E |
| 110 | 1 |aCanada. |bIndustry Canada. |
| 245 | 10|aShareholder communications and proxy solicitation rules |
| 260 | |aOttawa - Ontario : |bIndustry Canada |c1995. |
| 300 | |a46p. in various pagings. : |breferences ; |c28 cm. + |ea questionnaire, 11p. |
| 490 | 1 |aCanada Business Corporations Act |
| 500 | |a"Share holder communications can be examined from two perspectives: communications between a corporation and its shareholders, and communications among shareholders themselves"--Executive summary. |
| 520 | 3 |aShare holder communications can be examined from two perspectives: communications between a corporation and its shareholders, and communications among shareholders themselves--Executive summary |
| 563 | |aProcessed |
| 590 | |a95-37|b1995-09-15 |
| 690 | 07|aCorporations|2gcpds |
| 775 | 08|tCommunications relatives aux actionnaires et sollicitation de procurations|w(CaOODSP)9.623500 |
| 776 | 0#|tShareholder communications and proxy solicitation rules|w(CaOODSP)9.571828 |
| 830 | #0|aCanada Business Corporations Act.|w(CaOODSP)9.514429 |